000 00461nam a22001817a 4500
003 DO-SdBNP
005 20180215113206.0
008 180215b sp||||| |||| 00| 0 spa d
020 _a8403040334
040 _aBPMSU
_bspa
_cBPMSU
100 _aUnamuno, Miguel de
245 _aTeatro completo
_cMiguel de Unamuno
260 _aMadrid :
_bAguilar
_c1973
300 _a1417 p.
942 _2ddc
_cBK
945 _ainventariado, 2018 / dg
956 _adgarcia
_b10
999 _c13296
_d13296